[Event "VIE-ch U20 Girls"]
[Site "Ho Chi Minh City"]
[Date "2022.07.16"]
[Round "8"]
[White "Nguyen, Thi Ngoc Han"]
[Black "Le, Hong Minh Ngoc"]
[Result "1-0"]
[WhiteElo "2065"]
[BlackElo "2071"]
[PlyCount "63"]
[EventDate "2022.07.11"]
[EventType "swiss"]
[EventRounds "9"]
[EventCountry "VIE"]
[SourceTitle "EXT 2023"]
[Source "ChessBase"]
[SourceDate "2022.10.05"]
[SourceVersion "1"]
[SourceVersionDate "2022.10.05"]
[SourceQuality "1"]

1. e4 c5 2. Nf3 d6 3. d4 cxd4 4. Nxd4 Nf6 5. Nc3 a6 6. Bg5 e6 7. f4 Be7 8. Qf3 Nbd7 9. 0-0-0 Qc7 10. g4 h6 11. Bxf6 Bxf6 12. h4 Qb6 13. Nb3 Be7 14. Bg2 Nc5 15. g5 Nxb3+ 16. cxb3 Bd7 17. Kb1 0-0-0 18. Rhe1 Kb8 19. Qg4 Rc8 20. e5 h5 21. Qh3 Bc6 22. exd6 Bxg2 23. Qxg2 Bxd6 24. g6 Bxf4 25. gxf7 Qc7 26. Qxg7 Bg3 27. Rxe6 Bxh4 28. Re4 Bf2 29. Qf6 Bc5 30. b4 Ba7 31. Re7 Qh2 32. Qf3 1-0

[Event "VIE-ch U20 Girls"]
[Site "Ho Chi Minh City"]
[Date "2022.07.12"]
[Round "3"]
[White "Nguyen, Thi Phuong Thy"]
[Black "Nguyen, Thi Ngoc Han"]
[Result "1-0"]
[WhiteElo "2073"]
[BlackElo "2065"]
[PlyCount "111"]
[EventDate "2022.07.11"]
[EventType "swiss"]
[EventRounds "9"]
[EventCountry "VIE"]
[SourceTitle "EXT 2023"]
[Source "ChessBase"]
[SourceDate "2022.10.05"]
[SourceVersion "1"]
[SourceVersionDate "2022.10.05"]
[SourceQuality "1"]

1. e4 c5 2. Nf3 d6 3. Bb5+ Bd7 4. Bxd7+ Nxd7 5. 0-0 Ngf6 6. Re1 e6 7. c4 Be7 8. Nc3 0-0 9. d4 cxd4 10. Nxd4 Nb6 11. b3 Re8 12. Bb2 h6 13. Kh1 d5 14. cxd5 exd5 15. e5 Nh7 16. Qg4 Bc5 17. Ncb5 Bxd4 18. Bxd4 Re6 19. f4 Rg6 20. Qf3 Rc6 21. Nd6 Rxd6 22. exd6 Qxd6 23. Be5 Qd7 24. Rac1 Re8 25. h3 Qd8 26. Qg3 f6 27. Bc7 Rxe1+ 28. Qxe1 Qd7 29. Bxb6 axb6 30. Qb4 Qd8 31. Rd1 f5 32. Qd4 Nf6 33. Rc1 Ne8 34. Qe5 Qd7 35. Rc3 Kf7 36. Kg1 g6 37. Kf2 h5 38. Ke3 b5 39. Kd4 Kf8 40. Qxd5 Qg7+ 41. Kd3 Qe7 42. Qe5 Qd8+ 43. Kc2 Qd7 44. Qc5+ Kg7 45. Re3 Kf7 46. Rd3 Qc6 47. Qxc6 bxc6 48. Kc3 Ke7 49. Kb4 Ng7 50. g3 Ne6 51. Re3 Kd6 52. Rxe6+ Kxe6 53. Kc5 Kd7 54. h4 Kc7 55. a4 bxa4 56. bxa4 1-0

[Event "Eastern Asia-ch U18 Girls"]
[Site "Tornelo INT"]
[Date "2021.10.24"]
[Round "8"]
[White "Nguyen, Thi Ngoc Han"]
[Black "Nguyen, Thi Ngoc Mai"]
[Result "1-0"]
[WhiteElo "1210"]
[BlackElo "1382"]
[PlyCount "181"]
[EventDate "2021.10.22"]
[EventType "swiss"]
[EventRounds "9"]
[EventCountry "NET"]
[SourceTitle "EXT 2023"]
[Source "ChessBase"]
[SourceDate "2022.10.05"]
[SourceVersion "1"]
[SourceVersionDate "2022.10.05"]
[SourceQuality "1"]

1. e4 b6 2. g3 Bb7 3. Bg2 g6 4. d4 Bg7 5. Ne2 Nf6 6. Nd2 0-0 7. 0-0 d6 8. b3 Nbd7 9. Bb2 c6 10. c4 Rc8 11. Re1 e5 12. Rb1 b5 13. Bh3 Qe7 14. Ba3 Rcd8 15. Rc1 b4 16. Bxb4 c5 17. Ba5 Ra8 18. d5 Bh6 19. Nc3 Nb6 20. Rb1 Bc8 21. Bxc8 Raxc8 22. Qe2 Nh5 23. Nf1 f5 24. exf5 Rxf5 25. Ne4 Nd7 26. Bd2 Bxd2 27. Qxd2 Qg7 28. g4 Nf4 29. gxf5 gxf5+ 30. Neg3 Nh3+ 31. Kh1 f4 32. Qe2 fxg3 33. Nxg3 Rf8 34. Rf1 Kh8 35. Rb2 Nf6 36. Nh5 Nxh5 37. Qxh5 Nf4 38. Qf3 e4 39. Qxe4 Qxb2 40. Qe7 Qg7 41. Qe4 Rg8 42. h4 Qg2+ 43. Qxg2 Nxg2 44. f4 Nxh4 45. f5 Rf8 46. f6 Ng6 47. Kh2 Rf7 48. Kg3 Ne5 49. Kh4 h6 50. Kh5 Kh7 51. Rf2 Nd7 52. Re2 Nxf6+ 53. Kh4 Rd7 54. Re6 Kg7 55. a3 a5 56. Kg3 Kf7 57. Kf4 h5 58. Kg5 h4 59. Rxf6+ Kg7 60. Rf3 Re7 61. Kxh4 Re4+ 62. Kg5 Re5+ 63. Kf4 Re1 64. Re3 Rf1+ 65. Kg3 Rg1+ 66. Kf2 Rb1 67. Ke2 Rh1 68. Re6 Rh3 69. Re3 Rh8 70. Re7+ Kf8 71. Ra7 Rh3 72. Rxa5 Rxb3 73. Kd2 Rb6 74. Ra7 Ke8 75. a4 Kd8 76. a5 Rb4 77. Kc3 Ra4 78. Kd3 Kc8 79. Ra6 Kc7 80. Rc6+ Kb7 81. Rxd6 Rxa5 82. Rc6 Ra3+ 83. Ke4 Ra5 84. Ke5 Kb8 85. Kd6 Ra1 86. Rxc5 Rh1 87. Kc6 Kc8 88. Ra5 Kd8 89. d6 Ke8 90. Ra8+ Kf7 91. d7 1-0

[Event "VIE-chT (Women)"]
[Site "Ho Chi Minh City"]
[Date "2019.09.28"]
[Round "4.32"]
[White "Nguyen, Thi Ngoc Han"]
[Black "Nguyen, Thuy Duong"]
[Result "1-0"]
[WhiteElo "1210"]
[BlackElo "1824"]
[PlyCount "98"]
[EventDate "2019.09.26"]
[EventType "swiss"]
[EventRounds "9"]
[EventCountry "VIE"]
[SourceTitle "EXT 2020"]
[Source "ChessBase"]
[SourceDate "2019.10.17"]
[SourceVersion "1"]
[SourceVersionDate "2019.10.17"]
[SourceQuality "1"]

1. e4 e5 2. Nf3 d6 3. d4 Nd7 4. Bc4 Be7 5. 0-0 Ngf6 6. Re1 h6 7. b3 c6 8. Bb2 b5 9. Bf1 Qc7 10. Nbd2 0-0 11. c4 Ba6 12. a4 b4 13. dxe5 dxe5 14. Qc2 c5 15. Bd3 Rfd8 16. Nf1 Bd6 17. Ne3 Bb7 18. Nd5 Qb8 19. Rad1 a5 20. Qe2 Nh7 21. Nh4 Bxd5 22. exd5 Re8 23. Be4 Qd8 24. Nf5 Ra6 25. Qg4 Qg5 26. Nxh6+ Qxh6 27. Qxd7 Nf6 28. Qf5 Bc7 29. Bc1 Qh8 30. Rd3 g6 31. Qf3 Nxe4 32. Qxe4 f5 33. Qe3 e4 34. Qh3 Qe5 35. Rd2 Kg7 36. Bb2 Qxb2 37. Rxb2 Rh8 38. Qe3 Bxh2+ 39. Kf1 Be5 40. Rbb1 Bd4 41. Qf4 Kf6 42. g4 Ra7 43. Qd6+ Kf7 44. gxf5 gxf5 45. Ke2 Rg8 46. Rg1 Rh8 47. Qe6+ Kf8 48. Rg5 f4 49. Rf5+ Kg7 1-0

[Event "VIE-chT (Women)"]
[Site "Ho Chi Minh City"]
[Date "2019.09.27"]
[Round "2.24"]
[White "Nguyen, Thi Ngoc Han"]
[Black "Nguyen, Ha Phuong"]
[Result "0-1"]
[WhiteElo "1210"]
[BlackElo "2086"]
[PlyCount "62"]
[EventDate "2019.09.26"]
[EventType "swiss"]
[EventRounds "9"]
[EventCountry "VIE"]
[SourceTitle "EXT 2020"]
[Source "ChessBase"]
[SourceDate "2019.10.17"]
[SourceVersion "1"]
[SourceVersionDate "2019.10.17"]
[SourceQuality "1"]

1. e4 g6 2. d4 d6 3. c4 Bg7 4. Nc3 Nf6 5. Nge2 0-0 6. g3 e5 7. d5 Ne8 8. Bg2 f5 9. 0-0 Nf6 10. f4 Nxe4 11. Nxe4 fxe4 12. Bxe4 Bh3 13. Bg2 Bg4 14. h3 Bxe2 15. Qxe2 Nd7 16. Rb1 Qe7 17. Bd2 Rae8 18. Rbe1 Qd8 19. Qf2 Nc5 20. Rb1 exf4 21. gxf4 Ne4 22. Bxe4 Rxe4 23. Kg2 Rxc4 24. Qxa7 Re8 25. b3 Bd4 26. Qa5 Rc2 27. Kg3 Re2 28. Rbd1 b6 29. Qb5 Rexd2 30. Rxd2 Rxd2 31. a4 Qe7 0-1

[Event "VIE-chB (Women)"]
[Site "Ba Dinh"]
[Date "2018.12.03"]
[Round "8"]
[White "Nguyen, Thi Ngoc Han"]
[Black "Nguyen, Ngoc Hien1111"]
[Result "1/2-1/2"]
[WhiteElo "1210"]
[BlackElo "1412"]
[PlyCount "87"]
[EventDate "2018.11.28"]
[EventType "swiss"]
[EventRounds "9"]
[EventCountry "VIE"]
[SourceTitle "EXT 2021"]
[Source "ChessBase"]
[SourceDate "2020.10.23"]
[SourceVersion "1"]
[SourceVersionDate "2020.10.23"]
[SourceQuality "1"]

1. e4 e6 2. d4 d5 3. e5 c5 4. c3 Nc6 5. Nf3 Bd7 6. Bd3 cxd4 7. cxd4 Qb6 8. Bc2 Nb4 9. Nc3 Nxc2+ 10. Qxc2 Qa6 11. a3 Rc8 12. Qe2 Qxe2+ 13. Kxe2 Ne7 14. Be3 Nc6 15. Nd2 Na5 16. Rac1 Be7 17. h4 f6 18. f4 f5 19. g3 0-0 20. Kf2 a6 21. b4 Nc4 22. Nxc4 Rxc4 23. Ne2 Rfc8 24. Rxc4 Rxc4 25. Rc1 Bb5 26. Rc3 Kf7 27. Kf3 Kg6 28. Bd2 Kf7 29. Be3 Ke8 30. Rc1 Rxc1 31. Bxc1 Bc4 32. Nc3 b5 33. Bb2 Kd7 34. Ke3 Kc6 35. Nb1 Kb6 36. Bc3 Kc6 37. Nd2 Ba2 38. Nf3 h5 39. Kd2 Bb1 40. Ke3 Ba2 41. Nd2 a5 42. Nf3 a4 43. Nd2 Bc4 44. Nf3 1/2-1/2

[Event "VIE-chB (Women)"]
[Site "Ba Dinh"]
[Date "2018.11.30"]
[Round "4"]
[White "Nguyen, Thi Ngoc Han"]
[Black "Le, Hong Minh Ngoc"]
[Result "1/2-1/2"]
[WhiteElo "1210"]
[BlackElo "1602"]
[PlyCount "80"]
[EventDate "2018.11.28"]
[EventType "swiss"]
[EventRounds "9"]
[EventCountry "VIE"]
[SourceTitle "EXT 2021"]
[Source "ChessBase"]
[SourceDate "2020.10.23"]
[SourceVersion "1"]
[SourceVersionDate "2020.10.23"]
[SourceQuality "1"]

1. e4 c5 2. Nf3 d6 3. d4 cxd4 4. Nxd4 Nf6 5. Nc3 Nc6 6. Be3 Ng4 7. Bb5 Nxe3 8. Nxc6 Nxd1 9. Nxd8+ Kxd8 10. Rxd1 a6 11. Bc4 e6 12. a4 Kc7 13. 0-0 Bd7 14. b3 Bc6 15. f4 Be7 16. f5 Bf6 17. Rd3 Rae8 18. a5 Kd7 19. fxe6+ fxe6 20. Re1 Ke7 21. b4 Rc8 22. Bb3 Rhf8 23. Nd5+ Bxd5 24. exd5 e5 25. c4 Kd7 26. Ba4+ Kd8 27. Re4 Rc7 28. Rc3 Bg5 29. Bd1 Bd2 30. Rb3 Rcf7 31. Bf3 Rf4 32. Re2 Rd4 33. h3 Bf4 34. Re4 Rd2 35. b5 axb5 36. Rxb5 Rf7 37. Rb6 Bg3 38. Rxd6+ Kc7 39. Re6 Ra2 40. Kf1 Rf2+ 1/2-1/2

[Event "VIE-chB (Women)"]
[Site "Ba Dinh"]
[Date "2018.11.28"]
[Round "1"]
[White "Doan, Thi Van Anh"]
[Black "Nguyen, Thi Ngoc Han"]
[Result "1-0"]
[WhiteElo "1950"]
[BlackElo "1210"]
[PlyCount "77"]
[EventDate "2018.11.28"]
[EventType "swiss"]
[EventRounds "9"]
[EventCountry "VIE"]
[SourceTitle "EXT 2021"]
[Source "ChessBase"]
[SourceDate "2020.10.23"]
[SourceVersion "1"]
[SourceVersionDate "2020.10.23"]
[SourceQuality "1"]

1. d4 d5 2. c4 c6 3. Nc3 Nf6 4. cxd5 cxd5 5. Bf4 Nc6 6. e3 e6 7. Nf3 Bb4 8. Bd3 0-0 9. 0-0 h6 10. h3 Bd7 11. Qb3 a6 12. Rac1 b5 13. Bb1 Qe7 14. Ne5 Nh5 15. Nxd7 Qxd7 16. Ne2 Bd6 17. Bxd6 Qxd6 18. Qc2 g6 19. Qxc6 Qb4 20. b3 a5 21. Qc5 Qxc5 22. Rxc5 b4 23. e4 dxe4 24. Bxe4 Ra7 25. Rfc1 Kg7 26. Rc7 Ra6 27. R1c6 Rfa8 28. Rxa6 Rxa6 29. Bd3 Ra8 30. g4 Nf6 31. Nf4 g5 32. Nxe6+ Kg8 33. Nc5 Nd5 34. Rb7 Nf4 35. Bc4 Rf8 36. Kh2 Kg7 37. d5 Rd8 38. Ne6+ Nxe6 39. dxe6 1-0

[Event "VIE Cup (Women)"]
[Site "Bac Giang"]
[Date "2018.06.03"]
[Round "7"]
[White "Nguyen, Thi Ngoc Han"]
[Black "Vu, My Linh"]
[Result "1-0"]
[WhiteElo "1199"]
[BlackElo "1349"]
[PlyCount "135"]
[EventDate "2018.05.30"]
[EventType "swiss"]
[EventRounds "9"]
[EventCountry "VIE"]
[SourceTitle "CBM 184 Extra"]
[Source "ChessBase"]
[SourceDate "2018.06.28"]
[SourceVersion "1"]
[SourceVersionDate "2018.06.28"]
[SourceQuality "1"]

1. e4 g6 2. d4 Bg7 3. c4 d6 4. Nc3 Nc6 5. Be3 e5 6. d5 Nce7 7. Bd3 Nf6 8. Nge2 0-0 9. 0-0 Ng4 10. Bg5 h6 11. Bxe7 Qxe7 12. h3 Nf6 13. f4 Nh7 14. f5 Qg5 15. Kh2 Bd7 16. g4 Qh4 17. Rf3 Ng5 18. Rg3 h5 19. Qf1 Bf6 20. Ng1 Kg7 21. Nf3 Nxf3+ 22. Qxf3 Bg5 23. Ne2 Rh8 24. Rag1 hxg4 25. Rxg4 Qh5 26. Qg2 f6 27. h4 Rh6 28. Qf3 Rh7 29. Kg2 Bxh4 30. Rxg6+ Kf7 31. Qxh5 Rxh5 32. Kf3 Rg5 33. Rh6 Rxg1 34. Nxg1 Rg8 35. Rxh4 Rxg1 36. Rh7+ Rg7 37. Rh6 b6 38. Be2 a5 39. Ke3 Ke7 40. a3 Ba4 41. Rg6 Rh7 42. Rg3 Bc2 43. Bd3 Bb3 44. Kd2 Ba4 45. Kc3 Bd7 46. b4 axb4+ 47. axb4 Be8 48. Rg2 Kd7 49. Rg4 Bf7 50. Rg1 Be8 51. c5 Bf7 52. cxb6 cxb6 53. Ra1 Kc7 54. Ra7+ Kb8 55. Rd7 Bg8 56. Rd8+ Kb7 57. Rxg8 Rc7+ 58. Kb3 Rf7 59. Bb5 Rh7 60. Bc6+ Kc7 61. Ka4 Re7 62. Ra8 b5+ 63. Kxb5 Re8 64. Bxe8 Kb7 65. Bc6+ Kc7 66. Ra7+ Kb8 67. Kb6 Kc8 68. Ra8# 1-0

[Event "VIE Cup (Women)"]
[Site "Bac Giang"]
[Date "2018.05.30"]
[Round "1"]
[White "Kieu, Bich Thuy"]
[Black "Nguyen, Thi Ngoc Han"]
[Result "1-0"]
[WhiteElo "1886"]
[BlackElo "1199"]
[PlyCount "73"]
[EventDate "2018.05.30"]
[EventType "swiss"]
[EventRounds "9"]
[EventCountry "VIE"]
[SourceTitle "CBM 184 Extra"]
[Source "ChessBase"]
[SourceDate "2018.06.28"]
[SourceVersion "1"]
[SourceVersionDate "2018.06.28"]
[SourceQuality "1"]

1. d4 Nf6 2. c4 d6 3. Nc3 e5 4. Nf3 Nbd7 5. e3 g6 6. Be2 Bg7 7. 0-0 0-0 8. Qc2 c6 9. b3 Re8 10. Ba3 Qc7 11. Rad1 exd4 12. Nxd4 Nc5 13. Bf3 Nfd7 14. b4 Ne6 15. b5 c5 16. Nxe6 fxe6 17. Ne4 Be5 18. Bb2 Rd8 19. Rd2 Bxb2 20. Qxb2 Ne5 21. Be2 Qe7 22. Rfd1 Nf7 23. Nf6+ Kf8 24. Nxh7+ Kg8 25. Nf6+ Kf8 26. f4 a6 27. b6 Bd7 28. Bd3 e5 29. Nd5 Qh4 30. Bxg6 exf4 31. Rf1 Qg5 32. Bxf7 Kxf7 33. Rxf4+ Kg8 34. Nf6+ Kg7 35. Nxd7+ Kg6 36. Rxd6+ Kh5 37. Qe2+ 1-0

[Event "VIE-ch (Women)"]
[Site "Ho Chi Minh City"]
[Date "2018.05.01"]
[Round "7"]
[White "Le, Thuy An"]
[Black "Nguyen, Thi Ngoc Han"]
[Result "1-0"]
[WhiteElo "1557"]
[BlackElo "1199"]
[PlyCount "91"]
[EventDate "2018.04.27"]
[EventType "swiss"]
[EventRounds "9"]
[EventCountry "VIE"]
[SourceTitle "CBM 184 Extra"]
[Source "ChessBase"]
[SourceDate "2018.06.28"]
[SourceVersion "1"]
[SourceVersionDate "2018.06.28"]
[SourceQuality "1"]

1. e4 c5 2. Nf3 Nc6 3. d4 cxd4 4. Nxd4 Nf6 5. Nc3 e5 6. Ndb5 d6 7. Bg5 a6 8. Na3 b5 9. Nd5 Be7 10. Bxf6 Bxf6 11. c4 b4 12. Nc2 a5 13. g3 Be7 14. Bg2 g6 15. 0-0 0-0 16. Qd2 Be6 17. f4 f5 18. exf5 Bxf5 19. Nxe7+ Nxe7 20. Bxa8 Qxa8 21. Ne3 Bh3 22. Rf2 Rd8 23. Rd1 exf4 24. Rxf4 Qa7 25. Qd4 Qb7 26. Qf6 Nc6 27. Rxd6 Rc8 28. Rh4 Rf8 29. Qg5 Bf5 30. Nxf5 Rxf5 31. Rxg6+ hxg6 32. Qxg6+ Qg7 33. Qxf5 Ne5 34. Qe6+ Kf8 35. Rf4+ Nf7 36. Qd6+ Kg8 37. Qb8+ Kh7 38. Qe8 Nh6 39. Qe4+ Kg8 40. Qe6+ Kh7 41. Rh4 Qa7+ 42. Kf1 Qg7 43. Rxh6+ Qxh6 44. Qxh6+ Kxh6 45. c5 Kg5 46. c6 1-0

[Event "VIE-chT (Women)"]
[Site "Ho Chi Minh City"]
[Date "2017.07.28"]
[Round "8.33"]
[White "Nguyen, Thi Ngoc Han"]
[Black "Pham, Thi Linh Nham"]
[Result "0-1"]
[WhiteElo "1205"]
[BlackElo "1911"]
[PlyCount "114"]
[EventDate "2017.07.24"]
[EventType "team-swiss"]
[EventRounds "9"]
[EventCountry "VIE"]
[SourceTitle "EXT 2019"]
[Source "ChessBase"]
[SourceDate "2018.10.10"]
[SourceVersion "1"]
[SourceVersionDate "2018.10.10"]
[SourceQuality "1"]

1. e4 c5 2. Nf3 e6 3. d4 cxd4 4. Nxd4 Nf6 5. Nc3 Bb4 6. f3 d5 7. e5 Nfd7 8. f4 a6 9. Bd2 Nc6 10. Nxc6 bxc6 11. a3 Be7 12. b4 c5 13. b5 Bb7 14. bxa6 Bxa6 15. Bxa6 Rxa6 16. 0-0 Nb6 17. Qg4 g6 18. Qe2 Nc4 19. a4 Qa8 20. Nb5 Qc6 21. Rfb1 0-0 22. h3 Rfa8 23. Nc3 f6 24. Rf1 f5 25. g4 Nxd2 26. Qxd2 d4 27. Ne2 Rxa4 28. Rxa4 Rxa4 29. gxf5 exf5 30. c3 Qa8 31. cxd4 cxd4 32. Qd3 Qd5 33. Rc1 Ra2 34. Qxd4 Qxd4+ 35. Nxd4 Ra4 36. Nc6 Ba3 37. Rc3 Kf7 38. Nd8+ Ke7 39. Nb7 Bb2 40. Rc7+ Kf8 41. e6 Ba3 42. Rxh7 Rxf4 43. Rf7+ Kg8 44. Nd8 Re4 45. Rb7 Kf8 46. Rh7 Be7 47. Rf7+ Ke8 48. Nc6 Rxe6 49. Rxe7+ Rxe7 50. Nxe7 Kxe7 51. Kf2 Kf6 52. h4 f4 53. Kg2 Ke5 54. Kf2 Ke4 55. Ke2 f3+ 56. Ke1 Ke3 57. Kf1 f2 0-1

[Event "VIE-ch (Women)"]
[Site "Bac Giang"]
[Date "2016.06.26"]
[Round "7"]
[White "Nguyen, Thi Ngoc Mai"]
[Black "Nguyen, Thi Ngoc Han"]
[Result "1-0"]
[WhiteElo "1849"]
[BlackElo "1185"]
[PlyCount "65"]
[EventDate "2016.06.22"]
[EventType "swiss"]
[EventRounds "9"]
[EventCountry "VIE"]
[SourceTitle "EXT 2017"]
[Source "ChessBase"]
[SourceDate "2016.10.25"]
[SourceVersion "1"]
[SourceVersionDate "2016.10.25"]
[SourceQuality "1"]

1. e4 e5 2. Nf3 Nc6 3. Bc4 Bc5 4. c3 Nf6 5. d4 exd4 6. cxd4 Bb4+ 7. Bd2 Nxe4 8. Bxb4 Nxb4 9. Bxf7+ Kxf7 10. Qb3+ d5 11. Qxb4 Re8 12. Ne5+ Kg8 13. Nd2 a5 14. Qb3 Nxd2 15. Kxd2 Qg5+ 16. Kc3 Qxg2 17. Qc2 Qh3+ 18. f3 Bf5 19. Qb3 c6 20. Qxb7 Rab8 21. Qf7+ Kh8 22. Rag1 g6 23. Rg3 Qh4 24. Qxf5 Rb4 25. Rg4 Qf2 26. Qf6+ Kg8 27. Qf7+ Kh8 28. Qxe8+ Kg7 29. Qf7+ Kh6 30. Qf4+ Kg7 31. Rxg6+ hxg6 32. Qf7+ Kh6 33. Qxg6# 1-0

[Event "VIE-ch (Women)"]
[Site "Vietnam"]
[Date "2016.04.28"]
[Round "2"]
[White "Nguyen, Thi Ngoc Han"]
[Black "Tran, Thi Mong Thu"]
[Result "0-1"]
[WhiteElo "1205"]
[BlackElo "1921"]
[PlyCount "52"]
[EventDate "2016.04.27"]
[EventType "swiss"]
[EventRounds "9"]
[EventCountry "VIE"]
[SourceTitle "CBM 172 Extra"]
[Source "ChessBase"]
[SourceDate "2016.06.21"]
[SourceVersion "1"]
[SourceVersionDate "2016.06.21"]
[SourceQuality "1"]

1. e4 c5 2. Nf3 d6 3. d4 cxd4 4. Nxd4 Nf6 5. Nc3 a6 6. h3 e5 7. Nf3 Be7 8. Be3 0-0 9. Bd3 Be6 10. 0-0 Nbd7 11. Re1 b5 12. a3 Re8 13. Qd2 Nf8 14. Rad1 Qc7 15. Ng5 Rac8 16. Be2 Red8 17. Nd5 Bxd5 18. exd5 Qxc2 19. Qxc2 Rxc2 20. Rd2 Rxd2 21. Bxd2 Nxd5 22. Bf3 Nb6 23. Ne4 d5 24. Nc3 e4 25. Be2 f5 26. Be3 d4 0-1

[Event "VIE-ch U11 Girls"]
[Site "Ho Chi Minh City"]
[Date "2014.07.17"]
[Round "8"]
[White "Nguyen, Thi Kim Tuyen"]
[Black "Nguyen, Thi Ngoc Han"]
[Result "1-0"]
[WhiteElo "1702"]
[BlackElo "1742"]
[PlyCount "81"]
[EventDate "2014.07.13"]
[EventType "swiss"]
[EventRounds "9"]
[EventCountry "VIE"]
[SourceTitle "EXT 2016"]
[Source "ChessBase"]
[SourceDate "2015.10.08"]
[SourceVersion "1"]
[SourceVersionDate "2015.10.08"]
[SourceQuality "1"]

1. d4 d5 2. Nf3 Nc6 3. e3 Nf6 4. Bd3 Bg4 5. Nbd2 e6 6. c3 Bd6 7. h3 Bh5 8. b3 h6 9. Bb5 Ne4 10. Bxc6+ bxc6 11. Qc2 Bxf3 12. Nxf3 0-0 13. 0-0 Qf6 14. Bb2 Rfe8 15. c4 Rad8 16. c5 Bf8 17. Ne5 a6 18. Nxc6 Ra8 19. Ne5 Ng5 20. a4 Rec8 21. b4 Rab8 22. Nd7 Qe7 23. Nxb8 Rxb8 24. Bc3 Ne4 25. Rfb1 Qf6 26. Be1 Be7 27. b5 axb5 28. axb5 e5 29. b6 cxb6 30. cxb6 exd4 31. b7 Bd6 32. exd4 Qxd4 33. Ra8 Kh7 34. Rxb8 Bxb8 35. Qc8 Qe5 36. g3 d4 37. f4 Qd5 38. Qxb8 d3 39. Qe5 Qa2 40. Qxe4+ g6 41. b8R 1-0